The unraveling of America : (Record no. 346)
[ view plain ]
| 000 -LEADER | |
|---|---|
| fixed length control field | 01210cam a2200361 a 4500 |
| 003 - CONTROL NUMBER IDENTIFIER | |
| control field | UkOxU |
| 005 - DATE AND TIME OF LATEST TRANSACTION | |
| control field | 20210611122106.0 |
| 008 - FIXED-LENGTH DATA ELEMENTS--GENERAL INFORMATION | |
| fixed length control field | 890420t19861984nyu b 001 0 eng d |
| 020 ## - INTERNATIONAL STANDARD BOOK NUMBER | |
| International Standard Book Number | 0061320587 (pbk.) |
| 040 ## - CATALOGING SOURCE | |
| Transcribing agency | KPS |
| 050 ## - LIBRARY OF CONGRESS CALL NUMBER | |
| Classification number | E841 |
| Item number | .M33 1986 |
| 090 ## - LOCALLY ASSIGNED LC-TYPE CALL NUMBER (OCLC); LOCAL CALL NUMBER (RLIN) | |
| Classification number (OCLC) (R) ; Classification number, CALL (RLIN) (NR) | E841 |
| Local cutter number (OCLC) ; Book number/undivided call number, CALL (RLIN) | .M33 1986 |
| 092 ## - LOCALLY ASSIGNED DEWEY CALL NUMBER (OCLC) | |
| Classification number | 973.92 |
| 100 10 - MAIN ENTRY--PERSONAL NAME | |
| Personal name | Matusow, Allen J. |
| 245 14 - TITLE STATEMENT | |
| Title | The unraveling of America : |
| Remainder of title | a history of liberalism in the 1960s / |
| Statement of responsibility, etc. | Allen J. Matusow. |
| 250 ## - EDITION STATEMENT | |
| Edition statement | 1st Harper Torchbooks ed. |
| 260 ## - PUBLICATION, DISTRIBUTION, ETC. | |
| Place of publication, distribution, etc. | New York ; |
| -- | London : |
| Name of publisher, distributor, etc. | Harper & Row, |
| Date of publication, distribution, etc. | 1986, c1984. |
| 300 ## - PHYSICAL DESCRIPTION | |
| Extent | xv, 542 p. ; |
| Dimensions | 22 cm. |
| 500 ## - GENERAL NOTE | |
| General note | "Harper Torchbooks." |
| 500 ## - GENERAL NOTE | |
| General note | Includes index. |
| 504 ## - BIBLIOGRAPHY, ETC. NOTE | |
| Bibliography, etc. note | Bibliography: p. 441-520. |
| 650 #0 - SUBJECT ADDED ENTRY--TOPICAL TERM | |
| Topical term or geographic name entry element | Liberalism |
| Geographic subdivision | United States |
| General subdivision | History |
| Chronological subdivision | 20th century. |
| 942 ## - ADDED ENTRY ELEMENTS (KOHA) | |
| Source of classification or shelving scheme | |
| Koha item type | Book |
| Suppress in OPAC | SO |
| Withdrawn status | Lost status | Source of classification or shelving scheme | Damaged status | Not for loan | Permanent Location | Current Location | Shelving location | Date acquired | Total Checkouts | Full call number | Barcode | Date last seen | Price effective from | Koha item type | Public note |
|---|---|---|---|---|---|---|---|---|---|---|---|---|---|---|---|
| AU LIBRARY | AU LIBRARY | Open Shelf | 11.06.2021 | E841 .M33 1986 | 28002638 | 11.06.2021 | 11.06.2021 | Book | SO |